000 00612nam a22002177a 4500
999 _c2233
_d2233
003 OSt
005 20191122115916.0
008 150907b xxu||||| |||| 00| 0 eng d
020 _a0952286645
020 _a0952286648
040 _cDDC
082 _a598 BIR 2005
100 _aCarlwell, Margaret [et....al]
_95675
245 _aThe Bird Atlas of Uganda
260 _aOxford University;
_bBritish Ornithologists' club,
_c2005
300 _axi,553p;
_bcol.ill:
_c26cm
504 _aAppendices, references, & index included
650 _aBirds atlas
_95676
650 _aOrnithology
_95483
942 _2z
_cO_SHELF